[Event "61st ch-RUS HL"]
[Site "Novokuznetsk RUS"]
[Date "2008.09.06"]
[Round "4"]
[White "Deviatkin, A."]
[Black "Grachev, B."]
[Result "0-1"]
[WhiteElo "2567"]
[BlackElo "2640"]
[PlyCount "134"]
[EventDate "2008.09.03"]

1. e4 c5 2. c3 e6 3. d4 d5 4. exd5 exd5 5. Nf3 a6 6. c4 Nf6 7. cxd5 cxd4 8.
Qxd4 Qxd5 9. Be2 Nc6 10. Qe3+ Be7 11. Nc3 Qa5 12. O-O O-O 13. Bd2 Re8 14. Qf4
Nh5 15. Qa4 Qxa4 16. Nxa4 Bf5 17. Rfe1 Rad8 18. Bg5 Nf6 19. Rac1 h6 20. Be3 Bb4
21. Red1 Nd5 22. Bxa6 bxa6 23. Rxc6 Bd7 24. Rxa6 Bxa4 25. Rxa4 Nb6 26. Rxd8
Rxd8 27. Bd2 Nxa4 28. Bxb4 Rd1+ 29. Ne1 Nxb2 30. Kf1 Ra1 31. a3 Nc4 32. g4 Nxa3
33. Kg2 Nc4 34. Nf3 Ra4 35. Bc5 Ra5 36. Bd4 Ra3 37. h3 Rd3 38. Bc5 f6 39. Ba7
Kf7 40. Bc5 Ke6 41. Bf8 Rd7 42. Bc5 Kd5 43. Bf8 Rf7 44. Bb4 f5 45. Bc3 f4 46.
Nh4 Nd6 47. Kf3 Ne4 48. Be1 Ng5+ 49. Kg2 f3+ 50. Kh2 Ne4 51. Nf5 Kc4 52. Ba5
Rb7 53. Bd8 g5 54. Bf6 Nxf6 55. Nd6+ Kd3 56. Nxb7 Ne4 57. Na5 Ke2 58. Nb3 Kxf2
59. Nd4 Nd2 60. h4 Ke1 61. Nc2+ Ke2 62. Nd4+ Kd3 63. hxg5 hxg5 64. Nf5 f2 65.
Ng3 f1=Q 66. Nxf1 Nxf1+ 67. Kg2 Nd2 0-1

[Event "61st ch-RUS HL"]
[Site "Novokuznetsk RUS"]
[Date "2008.09.06"]
[Round "4"]
[White "Kryakvin, D."]
[Black "Zvjaginsev, V."]
[Result "1/2-1/2"]
[WhiteElo "2565"]
[BlackElo "2663"]
[PlyCount "119"]
[EventDate "2008.09.03"]

1. e4 e6 2. d4 d5 3. Nc3 Nf6 4. Bg5 Be7 5. e5 Nfd7 6. Bxe7 Qxe7 7. f4 a6 8. Nf3
c5 9. dxc5 Qxc5 10. Qd2 Nc6 11. Bd3 Nb6 12. Qf2 Qxf2+ 13. Kxf2 Bd7 14. Rhe1 O-O
15. Kg3 Rac8 16. a3 Rc7 17. Ne2 Na4 18. Rab1 f5 19. exf6 gxf6 20. Ned4 Nc5 21.
Re3 f5 22. h3 Ne4+ 23. Kh2 Nxd4 24. Nxd4 Kf7 25. g4 fxg4 26. Bxe4 dxe4 27. hxg4
e5 28. fxe5 Bxg4 29. Rxe4 Rg8 30. e6+ Ke8 31. Rg1 Rcg7 32. Rg3 Rg5 33. Ree3 Rd5
34. Re4 Rdg5 35. c4 Bh5 36. Ree3 Rxg3 37. Rxg3 Rxg3 38. Kxg3 Ke7 39. Kf4 Kf6
40. Nf5 Bg6 41. e7 b6 42. b4 Ke6 43. Kg5 Kd7 44. Ne3 Kxe7 45. Nd5+ Kd6 46. Nxb6
Bd3 47. c5+ Kc6 48. Nc8 a5 49. Ne7+ Kd7 50. Nd5 Kc6 51. Nc3 axb4 52. axb4 Bc4
53. Kf6 h5 54. Kg5 Bf7 55. Ne2 Kb5 56. Nd4+ Kxb4 57. c6 Bd5 58. c7 Bb7 59. Nf5
Kc5 60. Ne7 1/2-1/2

[Event "61st ch-RUS HL"]
[Site "Novokuznetsk RUS"]
[Date "2008.09.06"]
[Round "4"]
[White "Maletin, P."]
[Black "Amonatov, F."]
[Result "1-0"]
[WhiteElo "2545"]
[BlackElo "2650"]
[PlyCount "97"]
[EventDate "2008.09.03"]

1. d4 d5 2. c4 c6 3. Nf3 Nf6 4. Nc3 dxc4 5. a4 Bf5 6. Ne5 e6 7. f3 c5 8. e4 Bg6
9. Be3 cxd4 10. Qxd4 Qxd4 11. Bxd4 Nbd7 12. Nxd7 Nxd7 13. Bxc4 Rc8 14. Bb5 a6
15. Bxd7+ Kxd7 16. Ke2 f6 17. Rhd1 Ke8 18. Rac1 Rc6 19. Na2 Rxc1 20. Nxc1 Be7
21. Bb6 e5 22. Nd3 Bf7 23. Rc1 Bd8 24. a5 Ke7 25. Rc8 Re8 26. Rb8 Bc4 27. Rxb7+
Kf8 28. Ke3 Be7 29. Bc5 Bb5 30. b4 h6 31. Rb6 Bc4 32. Rb7 Bxc5+ 33. Nxc5 Rd8
34. Rc7 Kg8 35. Rc6 Bb5 36. Rb6 Bc4 37. h3 h5 38. Nxa6 Rd3+ 39. Kf2 Rd2+ 40.
Ke1 Re2+ 41. Kd1 Rxg2 42. Nc5 Ra2 43. a6 Kh7 44. Kc1 Kh6 45. Rb7 h4 46. a7 Kg5
47. Kb1 Kf4 48. b5 g5 49. Na6 1-0

[Event "61st ch-RUS HL"]
[Site "Novokuznetsk RUS"]
[Date "2008.09.06"]
[Round "4"]
[White "Matlakov, M."]
[Black "Lysyj, I."]
[Result "1/2-1/2"]
[WhiteElo "2484"]
[BlackElo "2596"]
[PlyCount "47"]
[EventDate "2008.09.03"]

1. d4 e6 2. c4 Nf6 3. Nf3 d5 4. Nc3 dxc4 5. e3 c5 6. Bxc4 a6 7. a4 Nc6 8. O-O
Be7 9. Qe2 cxd4 10. Rd1 e5 11. exd4 exd4 12. Nxd4 Nxd4 13. Qe5 Qd6 14. Qxd4
Qxd4 15. Rxd4 Be6 16. Bxe6 fxe6 17. Bf4 Kf7 18. Rad1 Rhd8 19. Kf1 Rxd4 20. Rxd4
Rc8 21. Bd6 Rd8 22. Be5 Rxd4 23. Bxd4 Nd5 24. Nxd5 1/2-1/2

[Event "61st ch-RUS HL"]
[Site "Novokuznetsk RUS"]
[Date "2008.09.06"]
[Round "4"]
[White "Galkin, A."]
[Black "Kalegin, E."]
[Result "1-0"]
[WhiteElo "2615"]
[BlackElo "2495"]
[PlyCount "121"]
[EventDate "2008.09.03"]

1. Nf3 Nf6 2. c4 g6 3. g3 Bg7 4. Bg2 O-O 5. O-O d6 6. d4 Nbd7 7. Nc3 e5 8. e4
c6 9. h3 exd4 10. Nxd4 Qb6 11. Nde2 Nc5 12. Rb1 Re8 13. Be3 Qc7 14. Qc2 a5 15.
b3 Qe7 16. f3 Nfd7 17. Bd4 Bxd4+ 18. Nxd4 f5 19. Rbe1 Qg7 20. Rd1 fxe4 21. fxe4
Ne5 22. Nf3 Nf7 23. a3 Be6 24. b4 axb4 25. axb4 Nd7 26. Na4 Nde5 27. Nxe5 Qxe5
28. Nb6 Rad8 29. Qd3 Qh5 30. g4 Qh4 31. Qc3 Qg5 32. Rf6 Qe5 33. Qxe5 Nxe5 34.
Bf1 Kg7 35. Rf2 Rf8 36. Be2 Rxf2 37. Kxf2 g5 38. Ke3 Kf6 39. Rf1+ Ke7 40. Ra1
Nd7 41. Nxd7 Kxd7 42. c5 d5 43. Bf3 Kc7 44. exd5 Bxd5 45. Bxd5 Rxd5 46. Rf1 Rd7
47. Rf5 Rg7 48. Ke4 Kd7 49. Re5 Rg6 50. Kf5 Rh6 51. Re3 Rg6 52. Rd3+ Ke7 53.
Ra3 Kd8 54. Ra8+ Kc7 55. Re8 Kd7 56. Re3 Kd8 57. Re6 Rg7 58. Kf6 Rd7 59. Kxg5
Rd4 60. Kh6 Rxb4 61. Kxh7 1-0

[Event "61st ch-RUS HL"]
[Site "Novokuznetsk RUS"]
[Date "2008.09.06"]
[Round "4"]
[White "Iskusnyh, S."]
[Black "Yakovich, Yur"]
[Result "1/2-1/2"]
[WhiteElo "2499"]
[BlackElo "2566"]
[PlyCount "32"]
[EventDate "2008.09.03"]

1. d4 d5 2. c4 dxc4 3. Nf3 a6 4. e3 e6 5. Bxc4 c5 6. O-O Nf6 7. a4 Nc6 8. Qe2
cxd4 9. Rd1 Be7 10. exd4 O-O 11. Nc3 Nd5 12. Qe4 Nf6 13. Qe2 Nd5 14. Qe4 Nf6
15. Qe2 Nd5 16. Qe4 Nf6 1/2-1/2

[Event "61st ch-RUS HL"]
[Site "Novokuznetsk RUS"]
[Date "2008.09.06"]
[Round "4"]
[White "Garakov, M."]
[Black "Ovetchkin, R."]
[Result "1/2-1/2"]
[WhiteElo "2439"]
[BlackElo "2558"]
[PlyCount "120"]
[EventDate "2008.09.03"]

1. e4 c6 2. d4 d5 3. e5 Bf5 4. Nf3 e6 5. Be2 Nd7 6. O-O Ne7 7. Nbd2 Nc8 8. Nb3
Be7 9. Be3 O-O 10. Nfd2 f6 11. f4 fxe5 12. dxe5 c5 13. c3 a6 14. Bg4 Na7 15.
Bxf5 Rxf5 16. Qg4 Nc6 17. Rfd1 b6 18. Nf1 Nf8 19. Ng3 Rf7 20. Nd2 Qd7 21. h4
Ng6 22. h5 Nh4 23. Nc4 Rb8 24. Bf2 Rbf8 25. Nxb6 Qb7 26. Qxe6 Nd8 27. Qxd5 Qxb6
28. Ne4 Qh6 29. g3 Ne6 30. Nf6+ gxf6 31. Qxe6 Qxh5 32. Rd7 Ng6 33. exf6 Bxf6
34. Kg2 Bg7 35. Rd5 Qh6 36. Re1 Kh8 37. Bxc5 Nxf4+ 38. gxf4 Qxf4 39. Qe4 Rg8
40. Qxf4 Rxf4 41. Rg5 h6 42. Rg3 Rf5 43. Bg1 Rd8 44. Re2 Be5 45. Rg4 h5 46.
Rge4 Rg5+ 47. Kh1 Bf6 48. Re8+ Rxe8 49. Rxe8+ Kg7 50. Rc8 Rd5 51. b4 Rd2 52. a4
h4 53. b5 axb5 54. axb5 Be5 55. b6 Rb2 56. Rc4 h3 57. Rb4 Rc2 58. b7 h2 59.
b8=Q hxg1=Q+ 60. Kxg1 Bxb8 1/2-1/2

[Event "61st ch-RUS HL"]
[Site "Novokuznetsk RUS"]
[Date "2008.09.06"]
[Round "4"]
[White "Shaposhnikov, E."]
[Black "Kornev, Alexei"]
[Result "1/2-1/2"]
[WhiteElo "2558"]
[BlackElo "2523"]
[PlyCount "142"]
[EventDate "2008.09.03"]

1. e4 c5 2. Nf3 e6 3. d4 cxd4 4. Nxd4 Nf6 5. Nc3 Nc6 6. a3 d6 7. Bc4 Be7 8. O-O
O-O 9. Be3 a6 10. Ba2 Nxd4 11. Bxd4 b5 12. Qd3 Bb7 13. f4 Rc8 14. Kh1 d5 15. e5
Ne4 16. Rac1 b4 17. axb4 Bxb4 18. Nxe4 dxe4 19. Qe3 Qa5 20. Ra1 Qb5 21. f5 Kh8
22. c3 Be7 23. f6 gxf6 24. exf6 Bc5 25. Qh6 Rg8 26. Bxe6 Bf8 27. Qh3 fxe6 28.
Qxe6 Qd5 29. f7+ Rg7 30. Bxg7+ Bxg7 31. Qxc8+ Bxc8 32. f8=Q+ Bxf8 33. Rxf8+ Kg7
34. Rxc8 e3 35. Rc7+ Kg8 36. Rc8+ Kf7 37. Rf1+ Ke7 38. Rc7+ Ke6 39. Ra7 a5 40.
Ra6+ Ke7 41. h3 e2 42. Rg1 Qc5 43. Ra1 Qf2 44. R6xa5 e1=Q+ 45. Rxe1+ Qxe1+ 46.
Kh2 Kf6 47. Ra3 h5 48. c4 h4 49. Rf3+ Ke5 50. c5 Kd5 51. b4 Qxb4 52. c6 Kxc6
53. Kg1 Qe1+ 54. Rf1 Qe3+ 55. Kh1 Kd6 56. Rf3 Qe1+ 57. Kh2 Ke5 58. Rf7 Qc1 59.
Rf3 Ke4 60. Rf7 Ke5 61. Rf3 Ke6 62. Rf2 Qe3 63. Rf3 Qe1 64. Rf8 Qe5+ 65. Kh1
Kd5 66. Rf3 Qa1+ 67. Kh2 Ke4 68. Rf7 Qe5+ 69. Kh1 Ke3 70. Rf3+ Ke2 71. Kg1 Qd4+
1/2-1/2

[Event "61st ch-RUS HL"]
[Site "Novokuznetsk RUS"]
[Date "2008.09.06"]
[Round "4"]
[White "Rychagov, A."]
[Black "Pokazanjev, N."]
[Result "0-1"]
[WhiteElo "2549"]
[BlackElo "2442"]
[PlyCount "65"]
[EventDate "2008.09.03"]

1. d4 Nf6 2. c4 g6 3. Nf3 Bg7 4. Nc3 O-O 5. e4 d6 6. Be2 e5 7. O-O Nc6 8. d5
Ne7 9. b4 Nh5 10. Re1 f5 11. Ng5 Nf6 12. f3 Kh8 13. Be3 Nh5 14. c5 Nf4 15. Bc4
fxe4 16. Ngxe4 Nf5 17. Bf2 Nd4 18. Rc1 Bf5 19. Kh1 Qd7 20. Ng3 a5 21. a3 axb4
22. axb4 dxc5 23. bxc5 Ra5 24. Nxf5 gxf5 25. Ba2 Rxc5 26. Qd2 Qd6 27. Rb1 Qa6
28. Rxe5 Nxf3 29. gxf3 Rxc3 30. Re7 Nd3 31. Rxg7 Nxf2+ 32. Kg2 Qd3 33. Qxf2 0-1

[Event "61st ch-RUS HL"]
[Site "Novokuznetsk RUS"]
[Date "2008.09.06"]
[Round "4"]
[White "Chadaev, N."]
[Black "Kravtsov, S."]
[Result "1-0"]
[WhiteElo "2535"]
[BlackElo "2404"]
[PlyCount "103"]
[EventDate "2008.09.03"]

1. e4 c6 2. d4 d5 3. e5 Bf5 4. Nf3 e6 5. Be2 Nd7 6. O-O Bg6 7. Nbd2 Nh6 8. Nb3
Nf5 9. c3 Be7 10. g4 Nh4 11. Nxh4 Bxh4 12. f4 f5 13. h3 Be7 14. Be3 Nb6 15. Nd2
Bf7 16. Kg2 h6 17. Bd3 Qd7 18. Qc2 g6 19. b3 O-O-O 20. Nf3 Kb8 21. Rad1 Rdg8
22. g5 hxg5 23. fxg5 Rc8 24. Qf2 Qd8 25. Rfe1 Rh7 26. h4 Nd7 27. c4 Bb4 28. Re2
Qh8 29. cxd5 cxd5 30. Rc1 Rxc1 31. Bxc1 Qf8 32. Rc2 Rh8 33. Bd2 Qe7 34. Qe1
Bxd2 35. Qxd2 Rc8 36. Rxc8+ Kxc8 37. Qa5 a6 38. Qc3+ Kd8 39. b4 Nb8 40. b5 axb5
41. Bxb5 Be8 42. Bxe8 Qxe8 43. Qb4 Qe7 44. Qd6+ Qxd6 45. exd6 Nd7 46. Ne5 Nf8
47. a4 Ke8 48. Kf3 Kd8 49. Kf4 Ke8 50. a5 Kd8 51. h5 gxh5 52. g6 1-0

[Event "61st ch-RUS HL"]
[Site "Novokuznetsk RUS"]
[Date "2008.09.06"]
[Round "4"]
[White "Rustemov, A."]
[Black "Skorchenko, D."]
[Result "1-0"]
[WhiteElo "2547"]
[BlackElo "2511"]
[PlyCount "159"]
[EventDate "2008.09.03"]

1. d4 d5 2. c4 c6 3. Nc3 Nf6 4. e3 g6 5. Nf3 Bg7 6. Bd3 O-O 7. O-O Bg4 8. h3
Bxf3 9. Qxf3 e6 10. Rd1 Nbd7 11. Bd2 Re8 12. Be1 Qe7 13. Bf1 Rad8 14. Rac1 dxc4
15. Bxc4 e5 16. Bf1 exd4 17. Rxd4 Nc5 18. Rxd8 Rxd8 19. Rd1 Rxd1 20. Qxd1 Nfe4
21. Nxe4 Nxe4 22. Qc2 Qe5 23. Qd3 Qe7 24. b3 Nc5 25. Qd1 Qd7 26. Qxd7 Nxd7 27.
f4 Nf6 28. Bd3 Nd5 29. Bd2 b5 30. Kf2 Kf8 31. Kf3 Bc3 32. Bc1 Ke7 33. g4 h6 34.
e4 Nb4 35. Bb1 f6 36. a3 Na6 37. Be3 Kd7 38. e5 fxe5 39. Bxg6 exf4 40. Kxf4 Bb2
41. Kf5 Bxa3 42. Bxh6 Bb2 43. Bf8 Nc7 44. Bf7 a5 45. g5 Ne8 46. Be6+ Kd8 47.
Kg6 a4 48. bxa4 bxa4 49. h4 a3 50. h5 Nc7 51. Bb3 Nd5 52. Bxd5 cxd5 53. Bxa3
Bxa3 54. Kf7 d4 55. g6 Bf8 56. Kxf8 d3 57. h6 d2 58. h7 d1=Q 59. h8=Q Qf3+ 60.
Kg8 Qd5+ 61. Kh7+ Kc7 62. Qf6 Qh1+ 63. Kg7 Qe4 64. Kf7 Qd5+ 65. Qe6 Qf3+ 66.
Kg7 Qa8 67. Qe7+ Kb6 68. Qb4+ Kc7 69. Qc5+ Kd7 70. Qf5+ Kc7 71. Kf7 Qa2+ 72.
Qe6 Qf2+ 73. Kg8 Qd4 74. g7 Kd8 75. Kf7 Qa7+ 76. Kf6 Qf2+ 77. Qf5 Qb6+ 78. Kg5
Qg1+ 79. Kh6 Qh1+ 80. Kg6 1-0

[Event "61st ch-RUS HL"]
[Site "Novokuznetsk RUS"]
[Date "2008.09.06"]
[Round "4"]
[White "Klimov, A."]
[Black "Chuprikov, D."]
[Result "1/2-1/2"]
[WhiteElo "2423"]
[BlackElo "2450"]
[PlyCount "43"]
[EventDate "2008.09.03"]

1. d4 d5 2. c4 c6 3. Nf3 Nf6 4. e3 g6 5. Nc3 Bg7 6. Be2 O-O 7. O-O a6 8. a4 a5
9. b3 Ne4 10. Bb2 Nxc3 11. Bxc3 Bg4 12. h3 Bxf3 13. Bxf3 e6 14. Qd2 Re8 15.
Rab1 Nd7 16. Rfc1 Nf6 17. Qc2 Ra7 18. Qd2 Ra6 19. Qc2 Ra7 20. Qd2 Ra6 21. Qc2
Ra7 22. Qd2 1/2-1/2

[Event "61st ch-RUS HL"]
[Site "Novokuznetsk RUS"]
[Date "2008.09.06"]
[Round "4"]
[White "Smirnov, Arte"]
[Black "Kosov, Iv"]
[Result "1-0"]
[WhiteElo "2452"]
[BlackElo "2405"]
[PlyCount "85"]
[EventDate "2008.09.03"]

1. Nf3 c5 2. c4 Nf6 3. Nc3 e6 4. g3 b6 5. Bg2 Bb7 6. O-O a6 7. Re1 Qc7 8. e4 d6
9. d4 cxd4 10. Nxd4 Be7 11. Be3 Nbd7 12. Rc1 Rc8 13. f4 Qb8 14. Qe2 Qa8 15. Bf2
O-O 16. g4 g6 17. f5 e5 18. Nc2 b5 19. cxb5 axb5 20. Nb4 Rc4 21. a3 Nc5 22.
Ncd5 Bxd5 23. Nxd5 Nxd5 24. exd5 Rxc1 25. Rxc1 Nb3 26. Rc6 Qa4 27. Qe4 Qxe4 28.
Bxe4 Rb8 29. f6 Bxf6 30. Rxd6 Bd8 31. Kg2 Nd2 32. Bd3 Nc4 33. Rd7 Bg5 34. b3
Nd2 35. b4 e4 36. Be2 e3 37. Bg3 Ra8 38. h4 Bh6 39. d6 Bf8 40. Rc7 Rd8 41. d7
Ne4 42. Bf4 Nf6 43. Rc8 1-0

[Event "61st ch-RUS HL"]
[Site "Novokuznetsk RUS"]
[Date "2008.09.07"]
[Round "5"]
[White "Vitiugov, N."]
[Black "Smirnov, P."]
[Result "1-0"]
[WhiteElo "2616"]
[BlackElo "2592"]
[PlyCount "93"]
[EventDate "2008.09.03"]

1. d4 d5 2. c4 c6 3. Nf3 Nf6 4. e3 Bf5 5. Nc3 e6 6. Nh4 Be4 7. f3 Bg6 8. Qb3
Qc7 9. Bd2 Be7 10. cxd5 Nxd5 11. Nxg6 hxg6 12. O-O-O Nd7 13. Kb1 O-O-O 14. Nxd5
exd5 15. Rc1 Kb8 16. h3 Qd6 17. Ba6 Nb6 18. Bd3 Nd7 19. Ba6 Nb6 20. Bd3 Nd7 21.
Ba5 Rc8 22. Ba6 Nb6 23. Rc2 Bd8 24. Bd3 Re8 25. Bd2 Bg5 26. f4 Be7 27. a4 Nd7
28. a5 c5 29. a6 b6 30. Bb5 Red8 31. Qa4 Qe6 32. Rhc1 Nf6 33. dxc5 Ne4 34. c6
Rc7 35. Bb4 Bf6 36. Qb3 Ng3 37. Rd1 Nf5 38. Rd3 g5 39. g4 Ng3 40. f5 Qe4 41.
Ka2 Qe5 42. Rd4 Ne4 43. Bd3 Ng3 44. Rd2 Kc8 45. Rd1 g6 46. Bb5 gxf5 47. Rxd5
1-0

[Event "61st ch-RUS HL"]
[Site "Novokuznetsk RUS"]
[Date "2008.09.07"]
[Round "5"]
[White "Kobalia, M."]
[Black "Tregubov, P."]
[Result "1/2-1/2"]
[WhiteElo "2618"]
[BlackElo "2658"]
[PlyCount "143"]
[EventDate "2008.09.03"]

1. e4 c5 2. c3 Nf6 3. e5 Nd5 4. Nf3 Nc6 5. Bc4 Nb6 6. Bb3 c4 7. Bc2 g6 8. O-O
Bg7 9. Re1 d6 10. exd6 Qxd6 11. Na3 O-O 12. Qe2 Qc5 13. b3 cxb3 14. axb3 Qh5
15. Be4 Nd5 16. Nc4 Be6 17. Qf1 Rac8 18. Na5 Nd8 19. Nc4 b5 20. Ne3 Nxe3 21.
Rxe3 Bxb3 22. Rxa7 Bc4 23. d3 Be6 24. d4 Bh6 25. Re1 Rxc3 26. Bxh6 Bc4 27. Bxf8
Bxf1 28. Ra8 Kxf8 29. Rxd8+ Kg7 30. Kxf1 b4 31. Rb8 Qa5 32. Rb7 b3 33. h4 Qa6+
34. Kg1 Qa3 35. Bb1 Rc1 36. Rbxe7 Rxb1 37. Rxb1 Qxe7 38. Rxb3 Qe2 39. Rb1 Qd3
40. Rb2 Kf6 41. Rd2 Qb1+ 42. Kh2 Qb8+ 43. g3 Qb3 44. Ng5 h6 45. Ne4+ Kf5 46. f3
Qd5 47. Kg2 g5 48. g4+ Kf4 49. hxg5 Qb3 50. Rf2 hxg5 51. Ng3 Qd3 52. Rf1 f5 53.
Kh3 Qa6 54. gxf5 Qh6+ 55. Kg2 Qh4 56. Ne2+ Ke3 57. Ng3 Kf4 58. Nh1 Kxf5 59. d5
Ke5 60. Nf2 Kxd5 61. Rd1+ Ke6 62. Re1+ Kf5 63. Re4 Qh8 64. Ng4 Qb2+ 65. Kg3
Qb8+ 66. Kg2 Qb2+ 67. Kg3 Qb8+ 68. Re5+ Qxe5+ 69. Nxe5 Kxe5 70. Kg4 Kf6 71. f4
gxf4 72. Kxf4 1/2-1/2

[Event "61st ch-RUS HL"]
[Site "Novokuznetsk RUS"]
[Date "2008.09.07"]
[Round "5"]
[White "Volkov, Sergey1"]
[Black "Lintchevski, D."]
[Result "1-0"]
[WhiteElo "2636"]
[BlackElo "2506"]
[PlyCount "71"]
[EventDate "2008.09.03"]

1. d4 d5 2. c4 c6 3. Nc3 Nf6 4. e3 a6 5. Qc2 g6 6. Bd3 Bg7 7. Nf3 Bg4 8. Ne5
Be6 9. c5 Nbd7 10. Nxd7 Qxd7 11. Na4 Rb8 12. Bd2 Bf5 13. Bxf5 gxf5 14. O-O-O
Qe6 15. Ba5 Qd7 16. Rd3 Kf8 17. Rb3 h5 18. Kb1 Bh6 19. f3 f4 20. Nb6 Qe8 21. e4
e6 22. Re1 Kg7 23. Qf2 Rd8 24. Nxd5 exd5 25. e5 Nd7 26. Bxd8 Qxd8 27. e6 fxe6
28. Rxe6 Re8 29. Rd6 Qc8 30. Qh4 Nf8 31. Qxh5 Re1+ 32. Kc2 Re6 33. Qg4+ Kh7 34.
Kd1 Bg7 35. Qxf4 Qe8 36. Qf5+ 1-0

[Event "61st ch-RUS HL"]
[Site "Novokuznetsk RUS"]
[Date "2008.09.07"]
[Round "5"]
[White "Maslak, K."]
[Black "Sakaev, K."]
[Result "1/2-1/2"]
[WhiteElo "2521"]
[BlackElo "2635"]
[PlyCount "36"]
[EventDate "2008.09.03"]

1. d4 Nf6 2. c4 e6 3. Nf3 Bb4+ 4. Bd2 c5 5. e3 Bxd2+ 6. Qxd2 cxd4 7. Nxd4 Ne4
8. Qc2 Qa5+ 9. Nd2 Nxd2 10. Qxd2 Qxd2+ 11. Kxd2 Ke7 12. Be2 d6 13. Rac1 Nd7 14.
Bf3 Ne5 15. Be2 Nd7 16. Bf3 Ne5 17. Be2 Nd7 18. Bf3 Ne5 1/2-1/2

[Event "61st ch-RUS HL"]
[Site "Novokuznetsk RUS"]
[Date "2008.09.07"]
[Round "5"]
[White "Vorobiov, E."]
[Black "Deviatkin, A."]
[Result "1/2-1/2"]
[WhiteElo "2550"]
[BlackElo "2567"]
[PlyCount "75"]
[EventDate "2008.09.03"]

1. d4 Nf6 2. c4 c6 3. Nf3 d5 4. e3 Bf5 5. Nc3 e6 6. Nh4 Bg6 7. Nxg6 hxg6 8. Bd2
Nbd7 9. g3 Bd6 10. b3 Ne4 11. Nxe4 dxe4 12. b4 e5 13. c5 Bc7 14. Bc3 exd4 15.
Qxd4 Qe7 16. Bg2 Be5 17. Qc4 Bxc3+ 18. Qxc3 Qf6 19. Qc1 Ne5 20. Bxe4 O-O-O 21.
Ke2 Rhe8 22. Qc2 Ng4 23. Bf3 Ne5 24. Be4 Qg5 25. Rhd1 Qh5+ 26. Kf1 Qxh2 27.
Rxd8+ Rxd8 28. Rd1 Qh3+ 29. Bg2 Rxd1+ 30. Qxd1 Qf5 31. a3 g5 32. Qd4 Qb1+ 33.
Ke2 Qc2+ 34. Kf1 Qc4+ 35. Ke1 Qc1+ 36. Ke2 Qc2+ 37. Kf1 Qc1+ 38. Ke2 1/2-1/2

[Event "61st ch-RUS HL"]
[Site "Novokuznetsk RUS"]
[Date "2008.09.07"]
[Round "5"]
[White "Amonatov, F."]
[Black "Matlakov, M."]
[Result "1/2-1/2"]
[WhiteElo "2650"]
[BlackElo "2484"]
[PlyCount "81"]
[EventDate "2008.09.03"]

1. e4 c5 2. Nf3 e6 3. d4 cxd4 4. Nxd4 Nc6 5. Nc3 Qc7 6. Be3 Nf6 7. f4 Bb4 8.
Ndb5 Qa5 9. e5 Ne4 10. Qd3 Nxc3 11. Nxc3 O-O 12. Bd2 d5 13. a3 Bd7 14. Qh3 d4
15. Bd3 h6 16. Ne4 f5 17. exf6 Bxd2+ 18. Nxd2 Rxf6 19. Qg4 Nb4 20. O-O Nxd3 21.
Nc4 Qc7 22. cxd3 e5 23. f5 Raf8 24. Rae1 Rxf5 25. Rxf5 Rxf5 26. Qe4 Rg5 27.
Nxe5 Bc6 28. Nxc6 Qxc6 29. Qxc6 bxc6 30. Re4 Rd5 31. Kf2 Kf7 32. Kf3 a5 33. a4
Kf6 34. h4 c5 35. Rf4+ Ke6 36. Re4+ Kf6 37. g4 g5 38. hxg5+ hxg5 39. Re8 Re5
40. Rxe5 Kxe5 41. b3 1/2-1/2

[Event "61st ch-RUS HL"]
[Site "Novokuznetsk RUS"]
[Date "2008.09.07"]
[Round "5"]
[White "Rustemov, A."]
[Black "Bocharov, D."]
[Result "0-1"]
[WhiteElo "2547"]
[BlackElo "2582"]
[PlyCount "88"]
[EventDate "2008.09.03"]

1. d4 Nf6 2. Nf3 d6 3. c4 Nbd7 4. Nc3 e5 5. e4 g6 6. Be2 Bg7 7. O-O O-O 8. Be3
Re8 9. dxe5 dxe5 10. b4 c6 11. c5 Qc7 12. Nd2 Rd8 13. Qc2 Nf8 14. Nc4 Ne6 15.
Rad1 Nd4 16. Bxd4 exd4 17. Na4 Be6 18. h3 Qf4 19. Nd6 Rxd6 20. cxd6 Nxe4 21.
Bd3 Nxd6 22. Rfe1 Bd5 23. Qd2 Qh4 24. Nc5 b6 25. Nb3 a5 26. bxa5 c5 27. axb6 c4
28. Qb4 Qd8 29. Nc5 cxd3 30. Rxd3 Rb8 31. Na4 Nc4 32. Qb5 Ne5 33. Rg3 h5 34. h4
Bc6 35. Qb3 Ng4 36. Rh3 Qf6 37. Rf1 Qe5 38. Rc1 Re8 39. Rf1 Bb5 40. f4 Qe2 41.
Rhf3 Bc6 42. b7 Rb8 43. Nc5 Bf8 44. f5 Bxf3 0-1

[Event "61st ch-RUS HL"]
[Site "Novokuznetsk RUS"]
[Date "2008.09.07"]
[Round "5"]
[White "Yakovich, Yur"]
[Black "Smirnov, Arte"]
[Result "1-0"]
[WhiteElo "2566"]
[BlackElo "2452"]
[PlyCount "105"]
[EventDate "2008.09.03"]

1. e4 c5 2. Nf3 Nc6 3. Bb5 g6 4. Bxc6 dxc6 5. d3 Bg7 6. h3 e5 7. O-O Ne7 8. a4
a5 9. Na3 Qc7 10. Be3 b6 11. Nc4 f5 12. exf5 Nxf5 13. Re1 O-O 14. Bd2 Be6 15.
Ncxe5 Bd5 16. c3 Rad8 17. Bg5 Rde8 18. Nc4 h6 19. Rxe8 Rxe8 20. Bd2 Kh7 21. Ne3
Be6 22. Qf1 Nxe3 23. Bxe3 Qd7 24. d4 c4 25. Ne5 Qd5 26. f4 Rf8 27. Qe2 Qe4 28.
Re1 b5 29. Qf2 Qd5 30. Qh4 Bf6 31. Qf2 Bg7 32. Bc1 Bf5 33. g4 Bc8 34. Qc2 Qd6
35. Qe4 Re8 36. Bd2 Bxe5 37. fxe5 Qd5 38. Qxd5 cxd5 39. axb5 h5 40. Ra1 hxg4
41. Rxa5 g5 42. b6 Bf5 43. hxg4 Bxg4 44. b7 Rb8 45. Rb5 Kg6 46. Rb6+ Kf5 47.
Kf2 Bh5 48. Kg3 Be8 49. e6 Ba4 50. e7 Be8 51. Be3 Ba4 52. Bg1 Bd7 53. Bh2 1-0

[Event "61st ch-RUS HL"]
[Site "Novokuznetsk RUS"]
[Date "2008.09.07"]
[Round "5"]
[White "Ovetchkin, R."]
[Black "Iskusnyh, S."]
[Result "1-0"]
[WhiteElo "2558"]
[BlackElo "2499"]
[PlyCount "79"]
[EventDate "2008.09.03"]

1. e4 c5 2. Nf3 d6 3. d4 cxd4 4. Nxd4 Nf6 5. Nc3 Nc6 6. Bg5 e6 7. Qd2 Qb6 8.
Nb3 Be7 9. Bxf6 gxf6 10. a4 a6 11. a5 Qc7 12. Na4 Bd7 13. Nb6 Rd8 14. Be2 O-O
15. O-O Kh8 16. Qc3 Rg8 17. f4 Rg7 18. Rad1 Rdg8 19. Bf3 Be8 20. Rf2 Qb8 21.
Kh1 Na7 22. Nd4 Nb5 23. Qc8 Bc6 24. Nxc6 Rxc8 25. Nxb8 Rxb8 26. Rfd2 Rgg8 27.
Bh5 Kg7 28. f5 Rbd8 29. Rd3 Kf8 30. h3 Rg5 31. Bg4 h5 32. Bf3 h4 33. Bg4 e5 34.
c3 Rg8 35. Kh2 Kg7 36. R1d2 Rb8 37. Bd1 Bd8 38. Bb3 Bxb6 39. axb6 Kf8 40. Bd5
1-0

[Event "61st ch-RUS HL"]
[Site "Novokuznetsk RUS"]
[Date "2008.09.07"]
[Round "5"]
[White "Garakov, M."]
[Black "Shaposhnikov, E."]
[Result "1/2-1/2"]
[WhiteElo "2439"]
[BlackElo "2558"]
[PlyCount "64"]
[EventDate "2008.09.03"]

1. e4 c5 2. Nf3 e6 3. c4 Nc6 4. Nc3 e5 5. d3 g6 6. Nd5 Bg7 7. Bg5 Nf6 8. a3 h6
9. Be3 d6 10. b4 b6 11. bxc5 bxc5 12. Be2 O-O 13. O-O Nxd5 14. cxd5 Nd4 15.
Bxd4 cxd4 16. Nd2 Bd7 17. Rb1 Rb8 18. Qc2 Qa5 19. Nc4 Qa6 20. Rxb8 Rxb8 21. Rb1
Rxb1+ 22. Qxb1 Bf8 23. Qb4 Qb5 24. Qxb5 Bxb5 25. Nb2 h5 26. Bd1 Bh6 27. a4 Ba6
28. Bb3 Kf8 29. Bc4 Bc1 30. Bxa6 Bxb2 31. Kf1 Ke7 32. Ke2 Bc3 1/2-1/2

[Event "61st ch-RUS HL"]
[Site "Novokuznetsk RUS"]
[Date "2008.09.07"]
[Round "5"]
[White "Khismatullin, D."]
[Black "Klimov, A."]
[Result "1-0"]
[WhiteElo "2613"]
[BlackElo "2423"]
[PlyCount "83"]
[EventDate "2008.09.03"]

1. c4 g6 2. d4 Nf6 3. g3 Bg7 4. Bg2 O-O 5. Nc3 d6 6. Nf3 c6 7. O-O Qb6 8. Re1
e5 9. e4 exd4 10. Nxd4 Ng4 11. Nce2 Na6 12. h3 Ne5 13. b3 Nb4 14. Be3 c5 15.
Nc2 Ned3 16. Nxb4 Nxb4 17. Qd2 Bxa1 18. Rxa1 Be6 19. Bh6 Nc6 20. Rd1 f6 21.
Bxf8 Rxf8 22. Qxd6 Bf7 23. Qxf6 Bxc4 24. Qb2 Bf7 25. Qc3 Re8 26. Rd2 Qb5 27.
Kh2 a5 28. f4 b6 29. e5 a4 30. bxa4 Qxa4 31. Qb2 Na5 32. Nc3 Qb4 33. Qxb4 cxb4
34. Nd5 Bxd5 35. Bxd5+ Kf8 36. h4 Rd8 37. Rd3 Nc6 38. Be4 Rd4 39. Rxd4 Nxd4 40.
Bd5 Nf5 41. g4 Ne3 42. Bf3 1-0

[Event "61st ch-RUS HL"]
[Site "Novokuznetsk RUS"]
[Date "2008.09.07"]
[Round "5"]
[White "Chuprikov, D."]
[Black "Rychagov, A."]
[Result "1-0"]
[WhiteElo "2450"]
[BlackElo "2549"]
[PlyCount "61"]
[EventDate "2008.09.03"]

1. d4 Nf6 2. c4 c5 3. d5 e6 4. Nc3 exd5 5. cxd5 d6 6. e4 g6 7. h3 Bg7 8. Nf3
O-O 9. Bd3 a6 10. a4 Re8 11. O-O Nbd7 12. Bf4 Qe7 13. Re1 Nh5 14. Bh2 Qf8 15.
Bf1 b6 16. g4 Nhf6 17. Nd2 Rb8 18. f4 Bb7 19. Bg2 Kh8 20. e5 Ng8 21. Nc4 dxe5
22. fxe5 Red8 23. Qf3 b5 24. axb5 axb5 25. Nxb5 Ne7 26. Nc3 Kg8 27. e6 Bd4+ 28.
Kh1 Nf6 29. Bxb8 Rxb8 30. exf7+ Kg7 31. Nd6 1-0